000 00843nam a2200229Ia 4500
999 _c40312
_d40312
001 6920
003 GE_BSU
005 20200218112844.0
008 181216s20 ||||ge |||||||||||||| ||geo||
020 _a9789941923685
040 _cGE_BSU
041 _ageo
080 _a821.133.1-31 კ-20
100 _aკამიუ, ალბერ
_93087
245 _aუცხო :
_bრომანი /
_cალბერ კამიუ ; ფრან. თარგმნ. გურანდა დათაშვილმა.
264 _aთბილისი :
_bაგორა,
_c2012.
300 _a205 გვ. ;
_c17 სმ.
653 _aუცხო
653 _aრომანი
700 _aდათაშვილი, გურანდა
_eფრანგულიდან თარგმნა
_93070
942 _cBK
_2udc